Statistiques concernant Pokémon Platine - Les capacités de type Glace

Cliquez ici pour prendre le quiz!

Statistiques générales

  • Ce quiz a été pris 15 fois
  • Le résultat moyen est 11 sur 15

Statistiques - réponses

GenCatégorieCapacité% Correct
ISpécialeBlizzard
100%
ISpécialeLaser Glace
100%
IVPhysiqueCrocs Givre
93%
IIIStatutGrêle
93%
IISpécialeVent Glace
93%
IPhysiquePoinglace
87%
IVPhysiqueAvalanche
80%
IIIPhysiqueBalle Glace
73%
IVPhysiqueÉclats Glace
73%
IIISpécialeGlaciation
73%
ISpécialeOnde Boréale
67%
IISpécialePoudreuse
67%
IStatutBuée Noire
53%
IStatutBrume
47%
IIIPhysiqueStalagtite
20%

Distribution des résultats

Percentile par nombre de réponses

% des personnes avec chaque résultat

Votre développement - résultats

Vous n’avez pas pris ce quiz